| 000 | 05769namaa22004211i 4500 | ||
|---|---|---|---|
| 003 | OSt | ||
| 005 | 20260315112718.0 | ||
| 008 | 250827s2025 ua a|||frm||| 000 0 eng d | ||
| 040 |
_aEG-GICUC _bara _cEG-GICUC _dEG-GICUC _erda |
||
| 041 | 0 |
_aara _bara _beng |
|
| 049 | _aإيداع | ||
| 082 | 0 | 4 | _a327.73051 |
| 092 |
_a327.73051 _221 |
||
| 097 | _aدكتوراه | ||
| 099 | _aCai01.16.05.Ph.D.2025.أح.ت | ||
| 100 | 0 |
_a،أحمد السيد عبد الصادق السرساوي _eإعداد. |
|
| 245 | 1 | 2 |
_aالتنافس الأمريكي الصيني في منطقة القرن الأفريقي وتأثيره على المصالح الوطنية المصرية منذ عام 2015 / _cإعداد أحمد السيد عبد الصادق السرساوي؛ إشراف أ. د.صبحـــي علـى قنصــوه، أ. م. د. رانيا حسين خفاجة. |
| 246 | 1 | 5 | _aThe u.s.-sino rivalry in the horn of africa, and its impact on egyptian national interests since 2015 / |
| 264 | 0 | _c2025. | |
| 300 |
_a308 صفحة : _bإيضاحيات ؛ _c30 cm. + _eCD. |
||
| 336 |
_atext _2rda content |
||
| 337 |
_aUnmediated _2rdamedia |
||
| 338 |
_avolume _2rdacarrier |
||
| 502 | _aأطروحة (دكتوراه)-جامعة القاهرة، 2025. | ||
| 504 | _aببليوجرافيا: صفحات 269-308. | ||
| 520 | _aتتناول الدراسة التنافس الأمريكي الصيني في منطقة القرن الأفريقي - بمفهومها الضيق الذي يضم أربع وحدات سياسية (إثيوبيا – جيبوتي – إريتريا - الصومال) - منذ عام 2015 وتأثيره على المصالح الوطنية المصرية. وبدأت الدراسة بالبحث في أسباب ودوافع التنافس الأمريكي الصيني في منطقة القرن الأفريقي، والتي انقسمت إلى الأسباب والدوافع المتعلقة بالولايات المتحدة والصين والأسباب والدوافع الناشئة من البيئة الإقليمية والأسباب والدوافع ذات الصلة بالبيئة العالمية.ثم جرى بحث ظاهرة التنافس بين الولايات المتحدة والصين في منطقة القرن الأفريقي خلال فترة الدراسة التي تبدأ من عام 2015، في أربع مجالات رئيسية هي: المجال السياسي، والمجال العسكري، والمجال الاقتصادي، والمجال الثقافي-الاجتماعي. ثم تطرقت الدراسة إلى بحث المصالح الوطنية المصرية في المنطقة، والتي تنقسم الى مصالح مصيرية تتمثل في المصالح المائية المصرية، ثم المصالح الحيوية وتتمثل في أمن البحر الأحمر وضمان أمن السودان والقضاء على التنظيمات الإرهابية والمتطرفة في المنطقة، والمصالح الرئيسة التي تشتمل على المصالح السياسية والاقتصادية. ومن ثم دراسة تأثير التنافس بين الولايات المتحدة والصين في القرن الأفريقي على تلك المصالح، والخروج بمقترحات لتحرك مصري يسعى للتقليل من أثر التنافس على المصالح المصرية في المنطقة. | ||
| 520 | _aThe study examines the US-Sino rivalry in the Horn of Africa region - defined narrowly as comprising four political entities (Ethiopia, Djibouti, Eritrea, and Somalia) - since 2015 and its impact on Egyptian national interests. The study begins by researching the reasons and motives for US-Sino rivalry in the Horn of Africa region, by investigating the reasons and motives related to the United States and China, the reasons and motives arising from the regional environment, and the reasons and motives related to the global environment.Subsequently, the study analyzes the manifestations of U.S.-China rivalry in the Horn of Africa from 2015 onward across four key domains: political, military, economic, and socio-cultural. It then addresses Egypt’s national interests in the region, segmented into three tiers: Survival interests, Centered on Egypt’s water security, and its Nile River rights. Vital interests: Encompassing Red Sea security, ensuring Sudan’s stability, and eradicating terrorist and extremist groups in the region. Major interests: Including political and economic interests.The study further evaluates how U.S.-China rivalry in the Horn of Africa impacts these Egyptian interests. Finally, it proposes policy recommendations for Egypt to mitigate the effects of this rivalry on its national interests in the region. | ||
| 530 | _aصدر أيضًا كقرص مدمج. | ||
| 546 | _aالنص بالعربية والملخص باللغة الإنجليزية والعربية. | ||
| 650 | 7 |
_aالعلاقات خارجية _zالولايات المتحدة _zالصين _2qrmak |
|
| 653 | 0 |
_aالقرن الأفريقي _aالولايات المتحدة _aالصين |
|
| 700 | 0 |
_aصبحـــي علـى قنصــوه _eمشرف أطروحة. |
|
| 700 | 0 |
_aرانيا حسين خفاجة _eمشرف أطروحة. |
|
| 900 |
_b09-02-2025 _cصبحـــي علـى قنصــوه _cرانيا حسين خفاجة _dهشام محمد بشير _dشيماء محي الدين محمود _Uجامعة القاهرة _Fكلية الدراسات الأفريقية العليا _Dقسم السياسة والاقتصاد |
||
| 905 |
_aSara _eAfaf |
||
| 942 |
_2ddc _cTH _e21 _n0 |
||
| 999 | _c178056 | ||